[Event "Tournoi Skype 021B"]
[Site "Skype"]
[Date "????.??.??"]
[Round "1.35"]
[White "Torres, Vicky"]
[Black "Navghane, Rahul"]
[Result "0-1"]
[WhiteElo "1281"]
[BlackElo "1000"]
[PlyCount "58"]

1. e4 e5 2. Nf3 f5 3. exf5 Bc5 4. Nxe5 Bxf2+ 5. Kxf2 Qh4+ 6. g3 Qd4+ 7. Kg2
Qxe5 8. Qh5+ g6 9. Qf3 Nf6 10. Nc3 O-O 11. Bc4+ d5 12. Bxd5+ Nxd5 13. Qxd5+
Qxd5+ 14. Nxd5 Na6 15. Ne7+ Kg7 16. fxg6 hxg6 17. d4 Bg4 18. Re1 Rae8 19. Bg5
Bf3+ 20. Kh3 Rh8+ 21. Bh4 g5 22. Nf5+ Kg6 23. g4 gxh4 24. Rf1 Be4 25. Nxh4+ Kg5
26. Rf7 Rxh4+ 27. Kg3 Rxg4+ 28. Kf2 Rg2+ 29. Ke3 Bg6+ 0-1

[Event "Tournoi Skype 021B"]
[Site "Skype"]
[Date "????.??.??"]
[Round "1.37"]
[White "Gieschen, Mike"]
[Black "Schnell, Nicolas"]
[Result "0-1"]
[WhiteElo "1277"]
[BlackElo "1000"]
[PlyCount "76"]

1. Nf3 Nc6 2. d4 e6 3. c4 Bb4+ 4. Bd2 Bd6 5. e4 Qf6 6. e5 Nxe5 7. dxe5 Qe7 8.
exd6 Qxd6 9. Bd3 Qxd3 10. Qe2 Qc2 11. Bc3 Qc1+ 12. Qd1 Qf4 13. O-O Nf6 14. Nbd2
Ng4 15. h3 Nf6 16. Be5 Qh6 17. Bxc7 d5 18. cxd5 Nxd5 19. Bd6 g5 20. Qa4+ Bd7
21. Qb3 Bc6 22. Ne4 g4 23. hxg4 Qg6 24. Ned2 Rg8 25. Nh2 Qg5 26. Ne4 Qh4 27. f4
Rg6 28. Qh3 Qd8 29. Qxh7 e5 30. fxe5 Qb6+ 31. Kh1 Ne3 32. Qxf7+ Kd8 33. Rf3
Bxe4 34. Qf8+ Kd7 35. Rf7+ Ke6 36. Qxa8 Qxb2 37. Qe8+ Kd5 38. Re1 Qxg2# 0-1

[Event "Tournoi Skype 021B"]
[Site "Skype"]
[Date "????.??.??"]
[Round "1.38"]
[White "Tu, Harrison"]
[Black "Vincent, Andre"]
[Result "0-1"]
[WhiteElo "1000"]
[BlackElo "1274"]
[PlyCount "46"]

1. e4 c5 2. Nf3 Nc6 3. c3 e5 4. Bc4 Nf6 5. d3 Be7 6. O-O O-O 7. Bb5 a6 8. Bxc6
dxc6 9. c4 Qc7 10. Nc3 Be6 11. Bg5 Nd7 12. Bxe7 Rfe8 13. Bxc5 Nxc5 14. b4 Nd7
15. c5 b6 16. cxb6 Nxb6 17. a4 Red8 18. a5 Nc4 19. Qe2 Nd6 20. b5 Nxb5 21. Nxb5
cxb5 22. Nxe5 Qxe5 23. d4 Rxd4 0-1

[Event "Tournoi Skype 021B"]
[Site "Skype"]
[Date "????.??.??"]
[Round "2.3"]
[White "Guillaume, Mickael"]
[Black "Malbec, Robert"]
[Result "0-1"]
[WhiteElo "1295"]
[BlackElo "1449"]
[PlyCount "134"]

1. e4 e5 2. Nf3 Nc6 3. d4 exd4 4. Nxd4 Nxd4 5. Qxd4 c5 6. Qd1 Nf6 7. Nc3 d6 8.
Be2 Be7 9. Bf4 b6 10. h3 Bb7 11. Bf3 O-O 12. O-O h6 13. e5 Bxf3 14. Qxf3 dxe5
15. Bxe5 Nh7 16. Qg3 f6 17. Bc7 Qc8 18. Rfe1 Re8 19. Nd5 Bf8 20. Bd6 Rxe1+ 21.
Rxe1 Qf5 22. Ne3 Qd7 23. Bxf8 Nxf8 24. Rd1 Qf7 25. b3 Ne6 26. Nf5 Kh7 27. Qd3
g6 28. Qd7 Rf8 29. Qxf7+ Rxf7 30. Ng3 Nd4 31. c3 Nc6 32. Ne4 f5 33. Ng3 Kg7 34.
f4 Re7 35. Kf2 Kf6 36. Rd6+ Re6 37. Rxe6+ Kxe6 38. c4 Nd4 39. Ne2 Nc2 40. Nc3
a6 41. Nd5 b5 42. Nc7+ Kd6 43. Nxa6 bxc4 44. bxc4 Na3 45. g4 Nxc4 46. gxf5 gxf5
47. Kg3 Kd5 48. Nc7+ Kc6 49. Ne6 Nd2 50. Ng7 Ne4+ 51. Kf3 Nd6 52. a4 c4 53. Ne6
Kd5 54. Nc7+ Kc5 55. Ke2 Ne4 56. a5 Kc6 57. Ne6 c3 58. Nd4+ Kb7 59. Kd3 Ka6 60.
Nb3 h5 61. h4 Kb5 62. Nd4+ Kxa5 63. Ne2 Kb4 64. Kc2 Kc4 65. Nxc3 Nxc3 66. Kd2
Kd4 67. Kc2 Nd5 0-1

[Event "Tournoi Skype 021B"]
[Site "Skype"]
[Date "????.??.??"]
[Round "2.4"]
[White "Kruzeniski, Randy"]
[Black "Bouffard, Georges"]
[Result "1-0"]
[WhiteElo "1435"]
[BlackElo "1314"]
[PlyCount "103"]

1. Nf3 Nc6 2. d4 d5 3. e3 g6 4. Be2 Bg7 5. O-O e6 6. c4 Nge7 7. Nc3 Bd7 8. a3
a6 9. b4 Na7 10. Bd2 O-O 11. a4 c6 12. a5 Nf5 13. Na4 Rb8 14. Nc5 Bc8 15. Ra2
Nd6 16. cxd5 exd5 17. Qc2 Bf5 18. Bd3 Bxd3 19. Qxd3 Qe7 20. Qb3 Nab5 21. Re1
Ne4 22. Rc2 f5 23. g3 g5 24. Ne5 Bxe5 25. dxe5 Nxc5 26. bxc5 Rf6 27. exf6 Qxf6
28. Bc3 Qe6 29. Rce2 Kf7 30. Bd4 Nc7 31. Qd3 Qe4 32. Qxe4 dxe4 33. Kg2 g4 34.
h3 h5 35. hxg4 fxg4 36. Rh1 Kg6 37. Rh4 Rf8 38. Be5 Ne6 39. Bd6 Rd8 40. Rb2 Ng5
41. Rxb7 Nf3 42. Rh1 Re8 43. Rc7 Ne5 44. Bxe5 Rxe5 45. Rxc6+ Kg5 46. Rc1 h4 47.
Rxa6 h3+ 48. Kh2 Rf5 49. Rc2 Rd5 50. c6 Rd6 51. Ra8 Rd1 52. c7 1-0

[Event "Tournoi Skype 021B"]
[Site "Skype"]
[Date "????.??.??"]
[Round "2.5"]
[White "Battaglia, Gabriele"]
[Black "Galani, Mahendra"]
[Result "0-1"]
[WhiteElo "1284"]
[BlackElo "1433"]
[PlyCount "72"]

1. e4 e5 2. Nf3 d6 3. Bb5+ c6 4. Ba4 Na6 5. d3 Nc5 6. c3 Nxa4 7. Qxa4 Nf6 8.
O-O h6 9. Nbd2 Nh7 10. d4 exd4 11. Nxd4 Bd7 12. Qb3 Rb8 13. N2f3 Qf6 14. Re1
Be7 15. e5 Qg6 16. exd6 Qxd6 17. Ne5 O-O 18. Nxd7 Qxd7 19. Bd2 Bc5 20. Qc4 Bb6
21. Be3 Qg4 22. Qe2 Qg6 23. Qf3 c5 24. Nb5 Qd3 25. Rad1 Qxb5 26. Bf4 Rbc8 27.
b3 Bd8 28. Bd6 Ng5 29. Qd3 Qd7 30. Bxf8 Qxd3 31. Rxd3 Kxf8 32. c4 Ba5 33. Re2
Ne6 34. Rd7 Rb8 35. h3 a6 36. Rd5 Nf4 0-1

[Event "Tournoi Skype 021B"]
[Site "Skype"]
[Date "????.??.??"]
[Round "2.6"]
[White "De Nobrega, George"]
[Black "Yanez, Leticia Jorgelina"]
[Result "1/2-1/2"]
[WhiteElo "1420"]
[BlackElo "1300"]
[PlyCount "57"]

1. e4 e5 2. Nf3 Nf6 3. d4 Nc6 4. dxe5 Nxe4 5. Qd5 Ne7 6. Qxe4 d6 7. exd6 Qxd6
8. Qf4 Qe6+ 9. Qe3 Nf5 10. Qxe6+ Bxe6 11. Nc3 Bd6 12. Nb5 Bb4+ 13. c3 Ba5 14.
Bf4 O-O 15. Nxc7 Rad8 16. Nxe6 fxe6 17. Bc4 Nd4 18. O-O Rxf4 19. Nxd4 Re8 20.
Bxe6+ Kf8 21. Rad1 Bc7 22. Bd7 Rh4 23. Bxe8 Bxh2+ 24. Kh1 Bg3+ 25. Kg1 Bh2+ 26.
Kh1 Bg3+ 27. Kg1 Bh2+ 28. Kh1 Bg3+ 29. Kg1 1/2-1/2

[Event "Tournoi Skype 021B"]
[Site "Skype"]
[Date "????.??.??"]
[Round "2.7"]
[White "Vincent, Andre"]
[Black "Aceituno, Stebe"]
[Result "0-1"]
[WhiteElo "1274"]
[BlackElo "1419"]
[PlyCount "74"]

1. Nf3 c5 2. d4 cxd4 3. Nxd4 e6 4. c3 Nf6 5. Bg5 h6 6. Bh4 Be7 7. Nd2 d5 8. e3
Bd7 9. c4 Nc6 10. Nxc6 Bxc6 11. Rc1 d4 12. Nf3 dxe3 13. Qxd8+ Rxd8 14. fxe3
Bb4+ 15. Ke2 O-O 16. Bxf6 gxf6 17. Kf2 Bd2 18. Rd1 Bxe3+ 19. Ke2 Bxf3+ 20. gxf3
Rxd1 21. Kxd1 Rd8+ 22. Ke2 Bf4 23. Rg1+ Kh7 24. h3 Rd2+ 25. Ke1 Rxb2 26. Bd3+
f5 27. a3 Ra2 28. a4 Rxa4 29. Rg2 Ra1+ 30. Ke2 a5 31. Bc2 a4 32. Kd3 Ra3+ 33.
Kd4 b6 34. Bxf5+ exf5 35. Rb2 Be3+ 36. Kd5 Bc5 37. Kc6 Rb3 0-1

[Event "Tournoi Skype 021B"]
[Site "Skype"]
[Date "????.??.??"]
[Round "2.8"]
[White "Martin, Jean-Claude"]
[Black "Ruiz Gomez, Luz Alba"]
[Result "1-0"]
[WhiteElo "1402"]
[BlackElo "1292"]
[PlyCount "67"]

1. d4 d5 2. c4 e6 3. Nc3 Nf6 4. Bg5 Be7 5. e3 c6 6. Nf3 Nbd7 7. Bd3 O-O 8. O-O
dxc4 9. Bxc4 b5 10. Bd3 Bb7 11. Rc1 b4 12. Ne4 a5 13. Qc2 g6 14. Bxf6 Bxf6 15.
Nd6 Ba6 16. Bxa6 Rxa6 17. Rfd1 Qc7 18. Ne4 Rb6 19. Nxf6+ Nxf6 20. Ne5 b3 21.
axb3 Rc8 22. e4 Nd7 23. Nc4 Ra6 24. e5 c5 25. Nd6 Rd8 26. dxc5 Nxe5 27. Nb5 Qb8
28. Rxd8+ Qxd8 29. Qe4 Nc6 30. Nd6 Qf6 31. Qe2 Nd4 32. Qxa6 Nxb3 33. Qc8+ Kg7
34. Ne8+ 1-0

[Event "Tournoi Skype 021B"]
[Site "Skype"]
[Date "????.??.??"]
[Round "2.9"]
[White "Moumtaz, Abderrahim"]
[Black "Calcino, Luis"]
[Result "0-1"]
[WhiteElo "1191"]
[BlackElo "1400"]
[PlyCount "84"]

1. e4 d5 2. e5 Bf5 3. Nc3 e6 4. d3 Nc6 5. Nf3 h6 6. Be2 Nge7 7. O-O g5 8. h3
Bg7 9. d4 Nb4 10. a3 Na6 11. Bd3 c6 12. Bxf5 Nxf5 13. Ne2 O-O 14. Ng3 Nxg3 15.
fxg3 c5 16. dxc5 Nxc5 17. Re1 Ne4 18. g4 Qc7 19. Qd4 Qxc2 20. Qd1 Qf2+ 21. Kh2
Qg3+ 22. Kg1 Nf2 23. Qe2 Nxh3+ 24. Kf1 Nf4 25. Bxf4 Qxf4 26. Rad1 Qa4 27. Rd4
Qd7 28. b4 Rfc8 29. b5 Rc5 30. a4 Rac8 31. Rdd1 Rc4 32. Rd4 a6 33. bxa6 bxa6
34. Rxc4 Rxc4 35. a5 Qc7 36. Qe3 Rxg4 37. Rc1 Rc4 38. Rxc4 Qxc4+ 39. Qe2 Qxe2+
40. Kxe2 g4 41. Nh4 Bxe5 42. Ke3 Bg3 0-1

[Event "Tournoi Skype 021B"]
[Site "Skype"]
[Date "????.??.??"]
[Round "2.10"]
[White "Maccaferri, Massimo"]
[Black "Douichi, Mohammed"]
[Result "1-0"]
[WhiteElo "1397"]
[BlackElo "1255"]
[PlyCount "69"]

1. e4 e5 2. Bc4 Bc5 3. Qh5 Qf6 4. Nf3 g6 5. Bxf7+ Kf8 6. Qg4 d6 7. Qxc8+ Kxf7
8. Qxb7 Nc6 9. Qxa8 Nd4 10. Kd1 Nxf3 11. Qd5+ Kg7 12. b4 Ne7 13. Qd3 Nd4 14.
bxc5 Qxf2 15. cxd6 cxd6 16. Bb2 Nec6 17. c3 Ne6 18. Qxd6 Nf4 19. Re1 Nxg2 20.
Re2 Qf1+ 21. Kc2 Qxe2 22. Qxc6 Ne1+ 23. Kb3 Qd1+ 24. Ka3 Nc2+ 25. Ka4 Nxa1+ 26.
Ka5 Nb3+ 27. Kb4 Rb8+ 28. Ka3 Na5 29. Qc7+ Kh6 30. Qxb8 Qxb1 31. Qb5 Qc2 32.
Qxa5 Qxd2 33. Qxe5 Qd3 34. Bc1+ g5 35. Qxg5# 1-0

[Event "Tournoi Skype 021B"]
[Site "Skype"]
[Date "????.??.??"]
[Round "2.11"]
[White "Alverson, Ginny"]
[Black "Chavero, Victor"]
[Result "0-1"]
[WhiteElo "1086"]
[BlackElo "1396"]
[PlyCount "94"]

1. Nf3 d5 2. d4 Nf6 3. e3 e6 4. Nbd2 Bd6 5. Bd3 O-O 6. O-O c5 7. c3 Nc6 8. Qc2
Ne7 9. b4 c4 10. Be2 Ng6 11. Ng5 Qc7 12. Ndf3 e5 13. Nxe5 Bxe5 14. dxe5 Qxe5
15. Nf3 Qe4 16. Qxe4 Nxe4 17. Bb2 Be6 18. Rad1 Rfe8 19. Nd4 a6 20. Nxe6 Rxe6
21. Rxd5 Rd6 22. Rf5 Rd2 23. Bxc4 Nf6 24. Bc1 Rc2 25. e4 Rxc3 26. Be2 Rc2 27.
Bh5 Rac8 28. Rc5 R8xc5 29. bxc5 Nxh5 30. Bg5 Rxc5 31. Be3 Re5 32. f3 Ra5 33.
Ra1 Ra3 34. Bc5 Rc3 35. Bd4 Rd3 36. Bf2 Nhf4 37. Bg3 Rd2 38. Bxf4 Nxf4 39. g3
Nh3+ 40. Kh1 Nf2+ 41. Kg2 Nxe4+ 42. Kh3 Nf2+ 43. Kg2 Ng4+ 44. Kh3 Nxh2 45. f4
f5 46. a4 Nf3 47. Rf1 Rh2# 0-1

[Event "Tournoi Skype 021B"]
[Site "Skype"]
[Date "????.??.??"]
[Round "2.12"]
[White "Vervoort, Jean-Louis"]
[Black "Bucherie, Volcy"]
[Result "0-1"]
[WhiteElo "1395"]
[BlackElo "1191"]
[PlyCount "60"]

1. d4 d5 2. c4 Nf6 3. Bg5 c5 4. Bxf6 exf6 5. Nf3 b5 6. b3 a6 7. e3 Nc6 8. a3 g6
9. Nc3 cxd4 10. exd4 Bb4 11. axb4 Qe7+ 12. Be2 Nxb4 13. O-O O-O 14. cxb5 Kg7
15. Re1 Re8 16. Qd2 Qc7 17. Ra4 Qe7 18. Raa1 Bf5 19. bxa6 Qd6 20. Bb5 Rxe1+ 21.
Rxe1 Nc2 22. Re2 Na3 23. Bd3 Bxd3 24. Qxd3 Rxa6 25. Qe3 Ra5 26. Qe8 Nc2 27.
Rxc2 Ra1+ 28. Ne1 Qb4 29. Nxd5 Rxe1+ 30. Qxe1 Qxe1# 0-1

[Event "Tournoi Skype 021B"]
[Site "Skype"]
[Date "????.??.??"]
[Round "2.13"]
[White "Levantini, Claudio"]
[Black "Yilmazer, Seher"]
[Result "1-0"]
[WhiteElo "1384"]
[BlackElo "1054"]
[PlyCount "91"]

1. e4 e5 2. Bc4 Qe7 3. Nf3 Nc6 4. d3 d6 5. Nc3 Nf6 6. a3 h6 7. O-O Bg4 8. h3
Bh5 9. Be3 O-O-O 10. b4 g5 11. g4 Bg6 12. b5 Na5 13. Bb3 h5 14. Bd2 hxg4 15.
hxg4 Nxg4 16. Bxg5 f6 17. Bh4 Qg7 18. Bg3 Qh7 19. Nh4 Bh5 20. Be6+ Kb8 21. Bxg4
Bxg4 22. Qxg4 Be7 23. Qg6 Rdg8 24. Qxh7 Rxh7 25. Nf3 d5 26. Nxd5 c6 27. Nxe7
Rxe7 28. Kg2 cxb5 29. Rh1 f5 30. exf5 Nc6 31. d4 Nd8 32. dxe5 Ka8 33. f6 Rf7
34. Rh6 Ne6 35. Kf1 Nc5 36. Ke2 Rc8 37. Rah1 a6 38. Rh8 Rfc7 39. Rxc8+ Rxc8 40.
Ng5 Na4 41. f7 Nc3+ 42. Kd3 Nd5 43. e6 Rc3+ 44. Kd4 Rc8 45. Kxd5 Rd8+ 46. Ke5
1-0

[Event "Tournoi Skype 021B"]
[Site "Skype"]
[Date "????.??.??"]
[Round "2.14"]
[White "Navghane, Rahul"]
[Black "K, Muthuraman"]
[Result "0-1"]
[WhiteElo "1000"]
[BlackElo "1379"]
[PlyCount "90"]

1. c4 e5 2. e4 Nf6 3. Bd3 Nc6 4. a3 a6 5. b4 d6 6. Qa4 Bd7 7. Qb3 Nd4 8. Qd1
Be7 9. Bb2 Ne6 10. Nf3 Nf4 11. Bf1 Nxe4 12. d3 Nf6 13. d4 exd4 14. Qxd4 Ne6 15.
Qd1 O-O 16. Bd3 Nf4 17. O-O Bc6 18. g3 Nxd3 19. Qxd3 b6 20. Nd4 Be4 21. Qe3 Bb7
22. Nd2 Qd7 23. Rfe1 Rfe8 24. Re2 Ng4 25. Qd3 Bf6 26. Rae1 Ne5 27. Qf5 Qxf5 28.
Nxf5 Kf8 29. Bxe5 Bxe5 30. f3 g6 31. Nh6 f5 32. c5 Bd4+ 33. Kg2 Rxe2+ 34. Rxe2
dxc5 35. bxc5 Bxc5 36. Nc4 Kg7 37. Nxf5+ gxf5 38. a4 a5 39. Ne5 Rd8 40. g4 fxg4
41. Nxg4 Rf8 42. Ne5 Bd6 43. Kf2 Bxe5 44. Rxe5 Rxf3+ 45. Ke2 Rf7 0-1

[Event "Tournoi Skype 021B"]
[Site "Skype"]
[Date "????.??.??"]
[Round "2.15"]
[White "Rangasamy, Jayaprakash"]
[Black "Briere, Jean"]
[Result "1-0"]
[WhiteElo "1000"]
[BlackElo "1370"]
[PlyCount "43"]

1. e4 e5 2. Nf3 Nc6 3. Bc4 Bc5 4. d3 d6 5. Ng5 d5 6. Bxd5 Nh6 7. h3 O-O 8. O-O
Qf6 9. c3 Ne7 10. Bb3 Ng6 11. Nf3 Nf4 12. Bxf4 Qxf4 13. d4 Bd6 14. dxe5 Bxe5
15. Nbd2 b6 16. Bd5 Ba6 17. Bxa8 Bxf1 18. Qxf1 Rxa8 19. Nc4 Bd6 20. Qd3 Re8 21.
Re1 f6 22. g3 1-0

[Event "Tournoi Skype 021B"]
[Site "Skype"]
[Date "????.??.??"]
[Round "2.17"]
[White "Schnell, Nicolas"]
[Black "Vello, Pablo"]
[Result "0-1"]
[WhiteElo "1000"]
[BlackElo "1349"]
[PlyCount "88"]

1. e4 e6 2. Nf3 d5 3. Nc3 c5 4. e5 Nc6 5. Bb5 Nge7 6. Ng5 a6 7. Ba4 b5 8. Bb3
c4 9. d4 cxb3 10. axb3 h6 11. Nh3 Nf5 12. O-O Nfxd4 13. Ra2 Bc5 14. b4 Nxb4 15.
Ra3 Nbxc2 16. Ra2 Nb4 17. Ra1 O-O 18. Qg4 Nf5 19. Bf4 Qh4 20. Qf3 Bb7 21. Bd2
Rab8 22. Rae1 d4 23. Nd5 Bxd5 24. Qa3 Bc4 25. Nf4 Bxf1 26. Rxf1 Rfc8 27. g3 Qe7
28. Qf3 Qb7 29. Qg4 Nc2 30. Qh5 Kh7 31. Ng6 fxg6 32. Qh3 Rc7 33. Rc1 Nb4 34.
Bf4 Nd3 35. Bd2 Nxc1 36. Bxc1 Rbc8 37. Bg5 Be7 38. Bf4 Rc1+ 39. Bxc1 Rxc1+ 40.
Qf1 Rxf1+ 41. Kxf1 Qh1+ 42. Ke2 Qe4+ 43. Kf1 d3 44. g4 d2 0-1

[Event "Tournoi Skype 021B"]
[Site "Skype"]
[Date "????.??.??"]
[Round "2.18"]
[White "Hargez, Dany"]
[Black "Cayo, Ana Carolina"]
[Result "0-1"]
[WhiteElo "1460"]
[BlackElo "1000"]
[PlyCount "36"]

1. e4 c6 2. d4 d5 3. exd5 cxd5 4. Bb5+ Nc6 5. Nc3 a6 6. Bxc6+ bxc6 7. Nf3 e6 8.
O-O Bd6 9. Bg5 Nf6 10. Na4 Bc7 11. Bxf6 Qxf6 12. Nb6 Bxb6 13. Ne5 Bb7 14. Re1
Rd8 15. Re3 O-O 16. Rf3 Qe7 17. Qd3 g6 18. Qxa6 Bxa6 0-1

[Event "Tournoi Skype 021B"]
[Site "Skype"]
[Date "????.??.??"]
[Round "2.20"]
[White "Khatanhar, Mohit"]
[Black "Le Bouill, Pierre"]
[Result "1-0"]
[WhiteElo "1343"]
[BlackElo "1000"]
[PlyCount "113"]

1. e4 e5 2. Nf3 Bd6 3. Be2 Nf6 4. d3 O-O 5. O-O h6 6. h3 c6 7. Be3 Bc7 8. c4 b5
9. b3 bxc4 10. bxc4 d5 11. cxd5 cxd5 12. exd5 Nxd5 13. Nbd2 Nxe3 14. fxe3 Nc6
15. e4 Bb6+ 16. Kh1 Nd4 17. Nxe5 Nxe2 18. Qxe2 Be6 19. Ng4 Bxg4 20. Qxg4 Qxd3
21. Rad1 Qd6 22. Nc4 Qg6 23. Qf3 Rae8 24. e5 Bc7 25. Rd7 Qe6 26. Rxc7 f6 27.
Qb7 Rf7 28. Qxa7 Rfe7 29. exf6 gxf6 30. Rxe7 Rxe7 31. Qb8+ Re8 32. Qf4 Re7 33.
a4 Kf8 34. Qxh6+ Ke8 35. Qh8+ Kd7 36. Rd1+ Kc7 37. Qd8+ Kb7 38. Na5+ Ka6 39.
Qa8+ Ra7 40. Qc6+ Qxc6 41. Nxc6 Rc7 42. Rd6 Rb7 43. Rxf6 Rb1+ 44. Kh2 Ra1 45.
a5 Rc1 46. h4 Kb5 47. a6 Kxa6 48. Kh3 Rc3+ 49. g3 Kb7 50. Ne5 Kc7 51. h5 Rc5
52. Rf5 Kd6 53. Nf7+ Kc6 54. Rxc5+ Kxc5 55. h6 Kd5 56. h7 Ke6 57. h8=Q 1-0

[Event "Tournoi Skype 021B"]
[Site "Skype"]
[Date "????.??.??"]
[Round "2.21"]
[White "Amato, Ludovica"]
[Black "Hernandez Lopez, Joaquin"]
[Result "1/2-1/2"]
[WhiteElo "1261"]
[BlackElo "1263"]
[PlyCount "48"]

1. e4 c5 2. Nf3 d6 3. d4 cxd4 4. Nxd4 Bd7 5. Nc3 a6 6. Bc4 e5 7. Nf3 Nc6 8. O-O
Nf6 9. Re1 Be7 10. Nd5 Nxd5 11. Bxd5 Na5 12. Be3 O-O 13. h3 Be6 14. Qd3 Bxd5
15. exd5 Rc8 16. b3 Qd7 17. Bb6 Bd8 18. Bxd8 Rfxd8 19. Rac1 b5 20. c4 bxc4 21.
bxc4 Nxc4 22. Rxc4 Qb5 23. Rxc8 Rxc8 24. Qxb5 axb5 1/2-1/2

[Event "Tournoi Skype 021B"]
[Site "Skype"]
[Date "????.??.??"]
[Round "2.22"]
[White "Munoz Gonzalez, Martin"]
[Black "Scata, Laura"]
[Result "1-0"]
[WhiteElo "1451"]
[BlackElo "1191"]
[PlyCount "31"]

1. d4 d5 2. Nf3 Nf6 3. Nbd2 Bf5 4. Ne5 Nbd7 5. Ndf3 Nxe5 6. Nxe5 Ng4 7. Bf4
Nxe5 8. Bxe5 e6 9. e3 Be4 10. c3 c6 11. Qg4 g6 12. Bxh8 Qb6 13. Qe2 O-O-O 14.
f3 Bf5 15. g4 Bxg4 16. fxg4 1-0

[Event "Tournoi Skype 021B"]
[Site "Skype"]
[Date "????.??.??"]
[Round "2.25"]
[White "Bacha, Mehdi"]
[Black "Escudero Ocana, Francisco"]
[Result "1-0"]
[WhiteElo "1177"]
[BlackElo "1385"]
[PlyCount "51"]

1. e4 e5 2. c4 c5 3. d3 Nf6 4. g3 Nc6 5. Bg2 d6 6. Nf3 h6 7. O-O Bg4 8. Be3
Bxf3 9. Bxf3 b6 10. Nd2 Nd4 11. a3 a5 12. Re1 Be7 13. Qa4+ Nd7 14. Qd1 O-O 15.
Bg2 Bg5 16. Rc1 f5 17. Rf1 Bxe3 18. fxe3 Ne6 19. Rxf5 Rxf5 20. exf5 Nc7 21.
Bxa8 Qxa8 22. e4 b5 23. Qe1 bxc4 24. Nxc4 Qc6 25. Nxa5 Ne6 26. Nxc6 1-0

[Event "Tournoi Skype 021B"]
[Site "Skype"]
[Date "????.??.??"]
[Round "2.26"]
[White "Milanese, Serge"]
[Black "Baker, Abi"]
[Result "1-0"]
[WhiteElo "1377"]
[BlackElo "1155"]
[PlyCount "47"]

1. e4 e6 2. d4 d5 3. e5 c5 4. c3 Nc6 5. Nf3 c4 6. b3 Nge7 7. bxc4 dxc4 8. Bxc4
Ng6 9. g3 b6 10. Nbd2 Bb7 11. Ne4 Ncxe5 12. Bb5+ Ke7 13. Ba3+ Qd6 14. Bxd6+ Kd8
15. Nfg5 Bxd6 16. dxe5 Bxe4 17. Qxd6+ Kc8 18. Nxe4 a5 19. Qc6+ Kb8 20. Rd1 Nxe5
21. Qd6+ Kb7 22. Qxe5 g6 23. Rd7+ Kc8 24. Qc7# 1-0

[Event "Tournoi Skype 021B"]
[Site "Skype"]
[Date "????.??.??"]
[Round "2.27"]
[White "Tekes, Gamze"]
[Black "Bustos, Ricardo"]
[Result "0-1"]
[WhiteElo "1055"]
[BlackElo "1319"]
[PlyCount "44"]

1. e4 c5 2. d3 e5 3. Nf3 Nc6 4. Nc3 a6 5. b3 d6 6. Bb2 Nf6 7. Qe2 Be7 8. O-O-O
Qa5 9. h4 O-O 10. h5 b5 11. Qe3 b4 12. Ne2 Be6 13. h6 g6 14. Ng5 Ng4 15. Qf3
Nd4 16. Nxd4 cxd4 17. Nh3 Rac8 18. g3 Qc7 19. c4 bxc3 20. Ba3 Qa5 21. Kb1 Qxa3
22. Nf4 Qb2# 0-1

[Event "Tournoi Skype 021B"]
[Site "Skype"]
[Date "????.??.??"]
[Round "2.28"]
[White "Bhandari, Dattatrey"]
[Black "Berbedes, Jorgelina"]
[Result "1-0"]
[WhiteElo "1316"]
[BlackElo "1000"]
[PlyCount "113"]

1. e4 e5 2. d4 d6 3. Bc4 Nd7 4. Nf3 Be7 5. dxe5 Nxe5 6. Nxe5 dxe5 7. Qh5 Qd4 8.
Qxf7+ Kd8 9. O-O Nh6 10. Bxh6 gxh6 11. Nc3 Rf8 12. Qd5+ Qxd5 13. Nxd5 Bd6 14.
Rad1 Be6 15. b3 Rb8 16. Ne3 Ke7 17. Bxe6 Kxe6 18. c4 Rf4 19. f3 Bc5 20. Rde1
Bxe3+ 21. Rxe3 Rd8 22. g3 Rf7 23. a4 Rfd7 24. f4 Rd1 25. f5+ Kf6 26. Rxd1 Rxd1+
27. Kg2 Rd4 28. a5 a6 29. h4 h5 30. Kf3 b6 31. axb6 cxb6 32. Rc3 a5 33. Ke3 Rd6
34. Rd3 Rc6 35. Rd7 a4 36. bxa4 Rxc4 37. Rd6+ Ke7 38. Re6+ Kf7 39. Rxe5 Rxa4
40. Kf4 Ra7 41. Rb5 Rb7 42. e5 h6 43. g4 hxg4 44. Kxg4 Rb8 45. Kf4 h5 46. Kg5
Kg7 47. f6+ Kf7 48. Kxh5 Rh8+ 49. Kg5 Rb8 50. h5 Ke6 51. h6 Kf7 52. Kf5 Rh8 53.
e6+ Ke8 54. Kg6 Rg8+ 55. Kf5 Rh8 56. Rxb6 Rxh6 57. Rb8# 1-0

[Event "Tournoi Skype 021B"]
[Site "Skype"]
[Date "????.??.??"]
[Round "2.29"]
[White "Almiron, Patricia"]
[Black "Torres, Vicky"]
[Result "0-1"]
[WhiteElo "1000"]
[BlackElo "1281"]
[PlyCount "46"]

1. d4 Nf6 2. Nf3 d5 3. e3 Nc6 4. Bd3 e6 5. a3 Bd6 6. b3 O-O 7. Bb2 a6 8. O-O b5
9. Nbd2 Bb7 10. Ne5 Ne7 11. f4 Nf5 12. Bxf5 exf5 13. Ndf3 h6 14. Qd3 Bc8 15.
Nc6 Qe8 16. Nce5 Be6 17. Nh4 g6 18. Rf3 Kg7 19. Rg3 Ng4 20. Nxg4 fxg4 21. h3 h5
22. Nf5+ Bxf5 23. Qxf5 gxf5 0-1

[Event "Tournoi Skype 021B"]
[Site "Skype"]
[Date "????.??.??"]
[Round "2.32"]
[White "Codina, Teresa"]
[Black "Chothe, Siddhant"]
[Result "1-0"]
[WhiteElo "1266"]
[BlackElo "1000"]
[PlyCount "53"]

1. e4 e5 2. Nf3 Nc6 3. Bb5 a6 4. Ba4 b5 5. Bb3 Be7 6. O-O h6 7. c3 Nf6 8. Re1
O-O 9. d4 d6 10. h3 exd4 11. Nxd4 Nxd4 12. Qxd4 c5 13. Qd1 Bb7 14. Bc2 Qc7 15.
Bf4 Rad8 16. Nd2 c4 17. a3 g5 18. Bh2 Qc6 19. Nf3 d5 20. Nd4 Qb6 21. e5 Nd7 22.
Qe2 Rfe8 23. Qh5 Bf8 24. Rad1 Bg7 25. Nf5 Nxe5 26. Bxe5 Bxe5 27. Nxh6+ 1-0

[Event "Tournoi Skype 021B"]
[Site "Skype"]
[Date "????.??.??"]
[Round "2.34"]
[White "Lawton, Tony"]
[Black "Homme, Jim"]
[Result "0-1"]
[WhiteElo "1000"]
[BlackElo "1238"]
[PlyCount "90"]

1. e4 e5 2. Nf3 Nc6 3. Bb5 a6 4. Ba4 b5 5. Bb3 Nf6 6. d3 Bc5 7. a3 O-O 8. O-O
Bb7 9. Nbd2 Qe7 10. Ba2 Bb6 11. Ng5 Nd4 12. Ndf3 h6 13. Nh3 d5 14. c3 Nxf3+ 15.
Qxf3 dxe4 16. dxe4 Bxe4 17. Qg3 Rad8 18. Bxh6 Bg6 19. Bg5 Rd3 20. Qh4 c6 21.
Rfe1 Rfd8 22. Bb3 Bh5 23. g4 Bxg4 24. Nf4 Rd2 25. Bxf6 Qxf6 26. Qxg4 Bxf2+ 27.
Kg2 Bxe1+ 28. Kh3 exf4 29. Rxe1 R2d3+ 30. Kg2 f3+ 31. Kf2 Rd2+ 32. Kf1 f2 33.
Re2 Rxe2 34. Qxe2 Qf5 35. Bc2 Qh3+ 36. Kxf2 Qxh2+ 37. Ke1 Qxe2+ 38. Kxe2 Re8+
39. Kf3 g6 40. Be4 c5 41. b3 Kf8 42. c4 bxc4 43. bxc4 Ke7 44. a4 Kf6 45. Kg4
Rxe4+ 0-1

[Event "Tournoi Skype 021B"]
[Site "Skype"]
[Date "????.??.??"]
[Round "2.35"]
[White "Ram, Madhukesh"]
[Black "Mhabdi, Mahesh"]
[Result "1-0"]
[WhiteElo "1237"]
[BlackElo "1000"]
[PlyCount "89"]

1. d4 d5 2. Nf3 Bf5 3. Nc3 Nc6 4. Bf4 Nf6 5. e3 Nb4 6. Bd3 e6 7. Nb5 Nxd3+ 8.
cxd3 Bb4+ 9. Nd2 Rc8 10. Nxc7+ Rxc7 11. Qa4+ Rc6 12. Qxb4 Bxd3 13. Qxb7 Qc8 14.
Qxc8+ Rxc8 15. f3 O-O 16. Rd1 Rc2 17. Bd6 Rfc8 18. Bc5 e5 19. Bxa7 Rxb2 20.
dxe5 Rxa2 21. Bd4 Bc2 22. Rc1 Nd7 23. O-O Nc5 24. Bxc5 Rxc5 25. e4 d4 26. Nb3
Rc4 27. Rfd1 d3 28. Nd2 Rc3 29. Kf2 f6 30. e6 Kf8 31. Ra1 Bb3 32. Ke3 Bc4 33.
Kd4 Rcc2 34. Nxc4 Rxa1 35. Rxa1 d2 36. Rd1 Rc1 37. Rxd2 Rh1 38. h3 g5 39. Kd5
Ke7 40. e5 f5 41. Rb2 Rd1+ 42. Nd2 Kf8 43. Kd6 Rc1 44. Rb8+ Kg7 45. e7 1-0

[Event "Tournoi Skype 021B"]
[Site "Skype"]
[Date "????.??.??"]
[Round "2.36"]
[White "Martin, Elise"]
[Black "Borg, Anthony"]
[Result "0-1"]
[WhiteElo "1000"]
[BlackElo "1222"]
[PlyCount "52"]

1. e4 e5 2. Nf3 Nc6 3. d3 Bc5 4. Nc3 Nge7 5. Be2 O-O 6. O-O d6 7. Be3 Bxe3 8.
fxe3 Be6 9. d4 exd4 10. exd4 d5 11. Ng5 dxe4 12. Bh5 g6 13. Nxf7 Bxf7 14. Bg4
Nxd4 15. Nxe4 c5 16. Nf6+ Kh8 17. Qd3 Nd5 18. Nxd5 Qxd5 19. Rf2 c4 20. Qe3 Rae8
21. Qh6 Be6 22. Bf3 Nxf3+ 23. Kh1 Rf5 24. Raf1 Nd2 25. Rd1 Rxf2 26. Kg1 Qxg2#
0-1

[Event "Tournoi Skype 021B"]
[Site "Skype"]
[Date "????.??.??"]
[Round "2.37"]
[White "Cengiz, Ali Ekber"]
[Black "Mimouni, Driss"]
[Result "1-0"]
[WhiteElo "1213"]
[BlackElo "1000"]
[PlyCount "51"]

1. e4 e5 2. Nf3 Nc6 3. Bc4 d6 4. d3 Be6 5. Nc3 Nf6 6. Bb3 Bg4 7. Nxe5 Nxe5 8.
Qd2 Bf5 9. d4 Bxe4 10. dxe5 Ng4 11. Nxe4 Qh4 12. Qf4 f6 13. exf6 g5 14. Ba4+ c6
15. f7+ Kd8 16. Nxg5 Be7 17. Ne6+ Kd7 18. Qf5 d5 19. Bg5 Bb4+ 20. c3 Ba5 21.
O-O-O Bb6 22. Nc5+ Kc7 23. Qd7+ Kb8 24. Na6+ bxa6 25. Bf4+ Bc7 26. Qxc7# 1-0